| 000 | 00598nam a22001937a 4500 | ||
|---|---|---|---|
| 999 |
_c526055 _d526055 |
||
| 003 | NUST | ||
| 005 | 20190708064704.0 | ||
| 008 | 190708b ||||| |||| 00| 0 eng d | ||
| 020 | _qHardcover. | ||
| 038 | _aMr. Zahoor | ||
| 082 | _a628 | ||
| 100 |
_aParveen, Shabila _917015 |
||
| 245 |
_aDetection of Quorum Quenching Enzymes Producing Genes In Membrane Bioreactor / _cShabila Parveen |
||
| 260 |
_aIslamabad : _bSCEE - NUST, _c2018. |
||
| 300 |
_axx, 93 p. : ill. ; _c30cm. |
||
| 650 |
_aEnvironmental Science - MS Thesis _916562 |
||
| 700 |
_aDr. Sher Jamal Khan _916340 |
||
| 942 |
_2ddc _cTHE |
||